000 00468nam a22001577a 4500
008 140905b xxu||||| |||| 00| 0 eng d
020 _a0406065012
050 _aKD288.A64(1996 vol. 1)
245 _aThe All England law reports 1996 (vol. 1). /
_cedited by Caroline Vandridge-Ames
260 _aLondon:
_bButterworth,
_c1996.
300 _axx, 1028p.:
_c25cm.
440 _vVol. 1
500 _aIncludes index
700 _aVandridge-Ames, Caroline
942 _2lcc
_cBK
999 _c4307
_d11807